Bienvenue à la Médiathèque de Saint-Andiol
banniere
Accueil Recherche avancée Mon compte
handi1 Rechercher dans le catalogue

Filtre   Mots-clés
  Recherche avancée
 
Lister les dernières nouveautés
 
Lister les livres GROS CARACTERES
 
Lister les périodiques (magazines)

handi1 ferme du Gros caillou (La)

<< Retourner aux résultats de la recherche
Book Cover
Auteur principal : Jeanine Berducat
Titre : ferme du Gros caillou (La)
Support : Livres à gros caractères
Langue : Francais
Publié : 2025 Ed. de la Loupe Paris
Genre : Roman
Collection : Roman
Sujets :
Étiquettes :
Pas de tags
LEADER 01029nam0a2200217 450
001 16865817
010 |a 978-2-38299-282-1  |b br.  |d 24 € 
100 |a 20250307d2025 u u0frey01 ba 
101 0 |a fre 
102 |a FR 
200 0 |a ferme du Gros caillou (La)  |f Jeanine Berducat 
207 1 |a   
210 |a Paris  |c Ed. de la Loupe  |d 2025 
215 |a 1 vol. (455 p.)  |d 22 x 15 cm 
225 1 |a Roman 
330 |a Entre Berry et Limousin, Roland entretient les cinquante hectares de son élevage à l'ancienne avec l'aide de Jérôme, son neveu, de retour après un accident de la route traumatisant. De son côté Richard, Parisien en rupture, investit dans une maison familiale abandonnée pour s'installer comme maraîcher bio. C'est le fils de Lili, le grand amour de Roland, partie dans la capitale quarante plus tôt. 
676 |a 843 
700 0 |a Berducat  |b Jeanine  |f 1952-....  |4 70 
900 |a Roman 
901 |a Adultes 
995 |a Médiathèque  |c Médiathèque  |f 00156009421652  |h 00156009421652  |k R BER  |o p  |q a  |r ag  |e MédiathèqueÂ